Pennsylvania : (Record no. 7582)
[ view plain ]
| 000 -LEADER | |
|---|---|
| fixed length control field | 01313cam a2200229 4500 |
| 001 - CONTROL NUMBER | |
| control field | 8749 |
| 005 - DATE AND TIME OF LATEST TRANSACTION | |
| control field | 20181127190640.0 |
| 008 - FIXED-LENGTH DATA ELEMENTS--GENERAL INFORMATION | |
| fixed length control field | 160108s2016 pau 000 0 eng |
| 010 ## - LIBRARY OF CONGRESS CONTROL NUMBER | |
| LC control number | 2016930296 |
| 020 ## - INTERNATIONAL STANDARD BOOK NUMBER | |
| International Standard Book Number | 9780764351075 |
| 082 00 - DEWEY DECIMAL CLASSIFICATION NUMBER | |
| Classification number | 974.8 |
| Edition number | 23 |
| 100 1# - MAIN ENTRY--PERSONAL NAME | |
| Personal name | Gadomski, Michael P., |
| Relator term | |
| 245 10 - TITLE STATEMENT | |
| Title | Pennsylvania : |
| Remainder of title | a portrait of the Keystone State / |
| Statement of responsibility, etc. | Michael P. Gadomski. |
| 264 #1 - PRODUCTION, PUBLICATION, DISTRIBUTION, MANUFACTURE, AND COPYRIGHT NOTICE | |
| Place of production, publication, distribution, manufacture | Atglen, PA : |
| Name of producer, publisher, distributor, manufacturer | Schiffer Publishing Ltd., |
| Date of production, publication, distribution, manufacture, or copyright notice | 2016. |
| 300 ## - PHYSICAL DESCRIPTION | |
| Extent | 112 pages : |
| Other physical details | chiefly color illustrations ; |
| Dimensions | 24 cm |
| 336 ## - CONTENT TYPE | |
| Content type term | text |
| Content type code | txt |
| Source | rdacontent |
| 337 ## - MEDIA TYPE | |
| Media type term | unmediated |
| Media type code | n |
| Source | rdamedia |
| 338 ## - CARRIER TYPE | |
| Carrier type term | volume |
| Carrier type code | nc |
| Source | rdacarrier |
| 520 ## - SUMMARY, ETC. | |
| Summary, etc. | Discover every corner of Pennsylvania, from the place where the United States began to the shores of Lake Erie to the first-class city of Pittsburgh, historic Scranton, and the rural farmland, forestland, and small towns in between. Visit Pennsylvania's historic sites, which are also the nation's historic sites because so many important events took place here. View the birthplace of the only US president from Pennsylvania, trees over 450 years old, the place where oil was first discovered, the peaceful Amish countryside, historic colonial buildings, and modern metropolitan cities. |
| 651 #0 - SUBJECT ADDED ENTRY--GEOGRAPHIC NAME | |
| Geographic name | Pennsylvania |
| Form subdivision | Pictorial works. |
| Withdrawn status | Lost status | Source of classification or shelving scheme | Damaged status | Not for loan | Collection code | Home library | Current library | Shelving location | Serial Enumeration / chronology | Inventory number | Total Checkouts | Full call number | Barcode | Date last seen | Price effective from | Koha item type |
|---|---|---|---|---|---|---|---|---|---|---|---|---|---|---|---|---|
| Dewey Decimal Classification | Main TEST | RTC Library | RTC Library | Main opac | 13241 | 974.7 GAD | 30013305 | 27/11/2018 | 27/11/2018 | Main |